ბათუმის შოთა რუსთაველის სახელმწიფო უნივერსიტეტის ბიბლიოთეკა

აჭარის წითელმიწა ნიადაგები და მათი აგროსაწარმოო გამოყენება. (ბიბ.ჩანაწერი № 44640)

000 -LEADER
fixed length control field 00829nam a2200193Ia 4500
001 - CONTROL NUMBER
control field 11443
003 - CONTROL NUMBER IDENTIFIER
control field GE_BSU
008 - FIXED-LENGTH DATA ELEMENTS--GENERAL INFORMATION
fixed length control field 181216s||||||||xx |||||||||||||| ||und||
040 ## - CATALOGING SOURCE
Transcribing agency GE_BSU
100 ## - MAIN ENTRY--PERSONAL NAME
Personal name ფალავანდიშვილი,შ.
245 ## - TITLE STATEMENT
Title აჭარის წითელმიწა ნიადაგები და მათი აგროსაწარმოო გამოყენება.
260 ## - PUBLICATION, DISTRIBUTION, ETC.
Place of publication, distribution, etc. ბათუმი.
260 ## - PUBLICATION, DISTRIBUTION, ETC.
Name of publisher, distributor, etc. საბჭოთა აჭარა.
260 ## - PUBLICATION, DISTRIBUTION, ETC.
Date of publication, distribution, etc. 1987
300 ## - PHYSICAL DESCRIPTION
Extent 119გვ;20სმ.
520 ## - SUMMARY, ETC.
Summary, etc. რეზიუმე რუსულ ენაზე.
653 ## - INDEX TERM--UNCONTROLLED
Uncontrolled term აჭარის წითელმიწა ნიადაგები და მათი აგროსაწარმოო გამოყენება
942 ## - ADDED ENTRY ELEMENTS (KOHA)
Koha item type წიგნი
ეგზემპლარები
Withdrawn status Lost status Damaged status Not for loan Date acquired Barcode Date last seen Price effective from Koha item type
        2018-12-17 20279 2018-12-17 2018-12-17 წიგნი
        2018-12-17 20280 2018-12-17 2018-12-17 წიგნი